Piaceri singolari

Uloženo v:
Podrobná bibliografie
Hlavní autor: Matthews Harry
Médium: Kniha
Jazyk:neznámý jazyk
Vydáno: Milano ES 1998
Tagy: Přidat tag
Žádné tagy, Buďte první, kdo vytvoří štítek k tomuto záznamu!

MARC

LEADER 00000nam a2200000Ia 4500
001 10
003 NUMERAZIONE-ORIGINALE-BRESCIA
005 20260206230746.0
008 260206s9999 xx 000 0 und d
100 |a Matthews Harry 
245 0 |a Piaceri singolari 
260 |a Milano 
260 |b ES 
260 |c 1998 
500 |a Ars amandi 
942 |2 ddc  |c BK  |n 0 
952 |0 0  |1 0  |2 ddc  |4 0  |6 23  |7 0  |9 28186  |a BS  |b BS  |d 2026-02-06  |i 10  |l 0  |o 2-3-*  |r 2026-02-06 22:40:30  |w 2026-02-06  |x [REVISIONARE]  |y BK 
999 |c 23892  |d 23892